000 00962cam a2200277 4500
001 ABS64429
008 010906n2001 000 0 eng u
035 _a(Sirsi) u114468
100 _aBaker
_L
245 _aCase for positive rural approach
260 _c2001
490 _aPlanning (for the Natural and Built Environment)
_v(1433) 24 August 2001, 10(1)
520 _aLooks at how planners could play a larger and strategic role in the managing of the countryside in light of recent events, the farming crisis and policies urging large-scale changes in the countryside.
590 _aABS
650 _aPLANNING SYSTEM
650 _aPLANNERS
650 _aAGRICULTURAL POLICY
650 _aFARMING PRACTICES
650 _aRURAL DIVERSIFICATION
650 _aRURAL ISSUES
650 _aENVIRONMENTAL ISSUES
650 _aCOUNTRYSIDE
650 _aPPG7
690 _aENVIRONMENTAL AND LAND CONSULTANCY-PLANNING AND DEVELOPMENT
942 _n0
999 _c68187
_d68187